Library Banner

The numbers you need (Record no. 80204)

MARC details
000 -LEADER
fixed length control field 00548nam a2200205Ia 4500
001 - CONTROL NUMBER
control field 69706
008 - FIXED-LENGTH DATA ELEMENTS--GENERAL INFORMATION
fixed length control field 151205s9999||||xx |||||||||||||| ||und||
020 ## - INTERNATIONAL STANDARD BOOK NUMBER
International Standard Book Number 081038373X
040 ## - CATALOGING SOURCE
Transcribing agency PK-LaUMT
082 ## - DEWEY DECIMAL CLASSIFICATION NUMBER
Classification number 513.0212
Item number HOP-N
100 ## - MAIN ENTRY--PERSONAL NAME
Personal name Hopkins, Nigel J.
245 #4 - TITLE STATEMENT
Title The numbers you need
Statement of responsibility, etc Hopkins, Nigel J.|Mayne, John W.|Hudson, John R.
260 ## - PUBLICATION, DISTRIBUTION, ETC. (IMPRINT)
Place of publication, distribution, etc Washington D. C.,USA:
Name of publisher, distributor, etc Gale Research Inc.,
Date of publication, distribution, etc 1992
300 ## - PHYSICAL DESCRIPTION
Extent 349 p.
546 ## - LANGUAGE NOTE
Language note EN
650 ## - SUBJECT ADDED ENTRY--TOPICAL TERM
Topical term or geographic name as entry element Mathematics
700 ## - ADDED ENTRY--PERSONAL NAME
Personal name Hudson, John R.
700 ## - ADDED ENTRY--PERSONAL NAME
Personal name Mayne, John W.
942 ## - ADDED ENTRY ELEMENTS (KOHA)
Koha item type Books
Holdings
Withdrawn status Lost status Damaged status Not for loan Home library Current library Date acquired Total Checkouts Full call number Barcode Date last seen Price effective from Koha item type
        UMT Main Campus UMT Main Campus 2015-12-04   513.0212 HOP-N 93707 2015-12-05 2015-12-05 Books